000 00289nam a22001337a 4500
999 _c12279
_d12279
020 _a9788130908632
082 _a338.5
100 _aHal R. Varian
245 _aMicroeconomic Analysis
250 _a3rd
260 _aIndia
_bVIVA Books
_c2016
300 _a557 pages.
942 _cECONOMICS